000 00652nam a2200205Ia 4500
003 GCL
008 140319s9999 xx 000 0 ara d
040 _aGCL /
_cGCL
082 0 4 _a301.35
_bع م
100 1 _aعبدالحميد محمود سعد
245 1 0 _aالمدخل المورفولوجى لدراسة المجتمع الريفى /
_cعبدالحميد محمود سعد
700 1 _aعلى فؤاد احمد
300 _a349 ص
490 _a
650 0 4 _aالهجرة الداخلية
650 0 4 _aالاجتماع الريفى
650 0 4 _aالاجتماع، علم
650 0 4 _aالحياة الريفية
942 _2ddc
_cBK
999 _c40940
_d40940